000 00778nam a2200265Ia 4500
001 dia_1131
003 CHAP
005 20230120104633.0
008 220117s1979 xx 000 0 und d
010 _a171678
040 _cCHAP
082 _a378.242 M4
100 _aMendez Alfaro, Medardo
_976464
245 _aNormas para escribir artículos dirigidos a productores agrícolas /
_c por Medardo Mendez Alfaro
260 _aMéxico :
_b INIA,
_c1979
300 _a102 p.
400 _aTEMAS DIDACTICOS, 8
503 _aD
650 _aExtensión agrícola
_939144
650 _aTrabajos científicos
_xElaboración
_9114562
901 _a378.242 M4
902 _aM
905 _a0000001979 MX A 0000000000SPA00
942 _cLIBRO
_2ddc
999 _c171678
_d171678